[Event "Niedersachsen-ch Seniors op 13th"]
[Site "Bad Bevensen"]
[Date "2010.07.13"]
[Round "8"]
[White "Mewes, Hans Dieter"]
[Black "Skworzvov, Igor"]
[Result "1-0"]
[WhiteElo "1676"]
[BlackElo "1737"]
[PlyCount "91"]
[EventDate "2010.07.06"]
[EventType "swiss"]
[EventRounds "9"]
[EventCountry "GER"]
[SourceTitle "EXT 2012"]
[Source "ChessBase"]
[SourceDate "2011.11.24"]
[SourceVersion "1"]
[SourceVersionDate "2011.11.24"]
[SourceQuality "1"]

1. d4 c6 2. c4 d5 3. Nf3 Nf6 4. Nc3 Bg4 5. e3 e6 6. h3 Bh5 7. Be2 Nbd7 8. 0-0 dxc4 9. Bxc4 Nb6 10. Be2 Bd6 11. e4 Be7 12. Be3 h6 13. Ne5 Bxe2 14. Qxe2 Qc7 15. Rac1 Qd8 16. Rfd1 0-0 17. f4 Qc8 18. Kh1 Bb4 19. Qf3 Nfd7 20. Nd3 Bxc3 21. Rxc3 Qd8 22. Qg3 Kh7 23. Ne5 Nf6 24. Qf3 Qe7 25. g4 Ng8 26. d5 exd5 27. Bc5 Qe6 28. Bxf8 Rxf8 29. b3 Nf6 30. exd5 Nbxd5 31. Rc2 Qe7 32. Rc4 Qa3 33. Qf2 Kg8 34. Ra4 Qe7 35. Re1 Qc7 36. Rxa7 Nb4 37. Ra4 Nbd5 38. Qc5 Rd8 39. Rd1 Re8 40. Qd4 Nxf4 41. Qxf4 Rxe5 42. Ra8+ Kh7 43. Rf1 Qe7 44. Rb8 Re4 45. Qf5+ g6 46. Qxf6 1-0

[Event "Niedersachsen-ch Seniors op 13th"]
[Site "Bad Bevensen"]
[Date "2010.07.10"]
[Round "5"]
[White "Skworzvov, Igor"]
[Black "Dietrich, Igor"]
[Result "1/2-1/2"]
[WhiteElo "1737"]
[BlackElo "1763"]
[PlyCount "58"]
[EventDate "2010.07.06"]
[EventType "swiss"]
[EventRounds "9"]
[EventCountry "GER"]
[SourceTitle "EXT 2012"]
[Source "ChessBase"]
[SourceDate "2011.11.24"]
[SourceVersion "1"]
[SourceVersionDate "2011.11.24"]
[SourceQuality "1"]

1. e4 c6 2. Nc3 d5 3. exd5 cxd5 4. d4 Nc6 5. Nf3 Bf5 6. Bd3 Bxd3 7. Qxd3 e6 8. a3 Nf6 9. Bf4 Be7 10. Nb5 Rc8 11. Ne5 Qa5+ 12. Bd2 Nb4 13. Bxb4 Bxb4+ 14. c3 Be7 15. a4 a6 16. Na3 Qb6 17. Rb1 0-0 18. 0-0 Bd6 19. Nc2 Qb3 20. a5 Rfd8 21. f4 Ne4 22. Ne3 f5 23. g3 Bc7 24. g4 g6 25. gxf5 exf5 26. Ng2 Bxa5 27. Nf3 Qc4 28. Qxc4 Rxc4 29. Nfe1 Bc7 1/2-1/2

[Event "Niedersachsen-ch Seniors op 13th"]
[Site "Bad Bevensen"]
[Date "2010.07.09"]
[Round "4"]
[White "Schowalter, Gerd"]
[Black "Skworzvov, Igor"]
[Result "1-0"]
[WhiteElo "1797"]
[BlackElo "1737"]
[PlyCount "55"]
[EventDate "2010.07.06"]
[EventType "swiss"]
[EventRounds "9"]
[EventCountry "GER"]
[SourceTitle "EXT 2012"]
[Source "ChessBase"]
[SourceDate "2011.11.24"]
[SourceVersion "1"]
[SourceVersionDate "2011.11.24"]
[SourceQuality "1"]

1. d4 c6 2. Nf3 Nf6 3. c4 d5 4. e3 Bg4 5. h3 Bxf3 6. Qxf3 e6 7. Nc3 Nbd7 8. Bd2 Be7 9. Bd3 dxc4 10. Bxc4 Nb6 11. Bb3 Qd7 12. 0-0 0-0-0 13. a4 Nbd5 14. Rfc1 Kb8 15. a5 a6 16. Na4 Rhg8 17. Nc5 Bxc5 18. Rxc5 g5 19. e4 Nf4 20. Bxf4+ gxf4 21. Qxf4+ Ka8 22. Qxf6 Rg6 23. Qf3 Rdg8 24. g4 Qxd4 25. Qe3 Qxb2 26. Qc3 Qe2 27. f3 Rf6 28. Bd1 1-0

[Event "Bad Bevensen Seniors op 12th"]
[Site "Bad Bevensen"]
[Date "2009.07.10"]
[Round "4"]
[White "Raitza, Egon"]
[Black "Skworzvov, Igor"]
[Result "1-0"]
[WhiteElo "1712"]
[BlackElo "1756"]
[PlyCount "57"]
[EventDate "2009.07.07"]
[EventType "swiss"]
[EventRounds "9"]
[EventCountry "GER"]
[SourceTitle "EXT 2022"]
[Source "ChessBase"]
[SourceDate "2021.10.06"]
[SourceVersion "1"]
[SourceVersionDate "2021.10.06"]
[SourceQuality "1"]

1. d4 Nf6 2. Nf3 g6 3. Nbd2 Bg7 4. e4 d6 5. Bd3 Bg4 6. h3 Bxf3 7. Nxf3 0-0 8. 0-0 Re8 9. Re1 Nc6 10. c3 a6 11. Be3 Rb8 12. Qd2 e6 13. Rad1 b5 14. Bg5 Qd7 15. Qc1 Qc8 16. Re2 Nd7 17. Rde1 b4 18. e5 dxe5 19. dxe5 Nc5 20. Bc2 bxc3 21. bxc3 Qb7 22. Qf4 Ne7 23. c4 Nf5 24. g4 h6 25. Bf6 Bxf6 26. exf6 Kh7 27. gxf5 gxf5 28. Bxf5+ Kh8 29. Qxh6+ 1-0

[Event "Bad Bevensen Seniors op 12th"]
[Site "Bad Bevensen"]
[Date "2009.07.08"]
[Round "2"]
[White "Pachler, Klaus"]
[Black "Skworzvov, Igor"]
[Result "1-0"]
[WhiteElo "1747"]
[BlackElo "1756"]
[PlyCount "45"]
[EventDate "2009.07.07"]
[EventType "swiss"]
[EventRounds "9"]
[EventCountry "GER"]
[SourceTitle "EXT 2022"]
[Source "ChessBase"]
[SourceDate "2021.10.06"]
[SourceVersion "1"]
[SourceVersionDate "2021.10.06"]
[SourceQuality "1"]

1. d4 d5 2. e3 Nf6 3. Bd3 Nbd7 4. f4 e6 5. Nd2 c5 6. c3 g6 7. Ngf3 Be7 8. Ne5 Nh5 9. 0-0 Ng7 10. Ndf3 0-0 11. Qe1 Nf5 12. g4 Nh6 13. Qg3 f5 14. h3 Nxe5 15. dxe5 Qb6 16. Kh1 Rd8 17. b3 Bd7 18. Bc2 Bc6 19. Bb2 a5 20. Rab1 Qa7 21. a4 c4 22. Nd4 Kf7 23. Rg1 1-0